| 000 | 00971nam a2200289 a 4500 | ||
|---|---|---|---|
| 005 | 20191224041810.0 | ||
| 008 | 160211t1986 -uka fr|||| 001 0 spa d | ||
| 020 | _a1853830151 | ||
| 040 |
_aCO-BoIAVH _cCO-BoIAVH |
||
| 041 | 0 | _aeng | |
| 044 | _aenk | ||
| 082 |
_a304.28 _bD62e |
||
| 100 | 1 | _aDixon, John A. | |
| 245 | 1 | 0 | _aEconomic analysis of the environmental impacts of development projects |
| 260 |
_aLondon : _bAsian Development Bank, _c1992. |
||
| 300 |
_a134 páginas : _bIlustraciones ; _c25 x 19 cm. |
||
| 500 | _aIncluye índice. | ||
| 504 | _aIncluye referencias bibliográficas páginas 126-129. | ||
| 650 | 1 | 6 | _aAnálisis del impacto ambiental |
| 650 | 2 | 6 | _aEstudios de casos |
| 650 | 2 | 6 | _aProyectos de desarrollo y medio ambiente. |
| 700 | 1 | _aCarpenter, Richard A. | |
| 700 | 1 | _aFallon, Louise A. | |
| 700 | 1 | _aSherman , Paul B. | |
| 700 | 1 | _aManopimoke, Supachit | |
| 942 |
_cLIBRO _2ddc |
||
| 999 |
_c5612 _d5612 |
||